| 000 | 00000nam 22000008a 4500 |
| 001 | 9.834773 |
| 003 | CaOODSP |
| 005 | 20240527135430 |
| 007 | cr ||||||||||| |
| 008 | 170404s2017 quc o f00| 0 eng d |
| 020 | |a978-0-660-08199-1 |
| 040 | |aCaOODSP|beng |
| 043 | |an-cn--- |
| 086 | 1 |aCW66-554/2017E-PDF |
| 245 | 00|aReducing conflict with large carnivores in the Waterton Biosphere Reserve |h[electronic resource]. |
| 260 | |a[Gatineau, Quebec] : |bEnvironment and Climate Change Canada, |c[2017]. |
| 300 | |a[1] p. |
| 500 | |aIssued also in French under title: Réduire les conflits avec les grands carnivores dans la Réserve de la biosphère de Waterton. |
| 500 | |aCaption title. |
| 500 | |a"Habitat Stewardship Program - Prevention Stream." |
| 692 | 07|2gccst|aWildlife |
| 692 | 07|2gccst|aHabitats |
| 710 | 2 |aCanadian Wildlife Service. |
| 775 | 08|tRéduire les conflits avec les grands carnivores dans la Réserve de la biosphère de Waterton |w(CaOODSP)9.834774 |
| 856 | 40|qPDF|s357 KB|uhttps://publications.gc.ca/collections/collection_2017/eccc/CW66-554-2017-eng.pdf |